000 00685nam a2200253Ia 4500
003 OSt
005 20220912151027.0
006 a|||||r|||| 00| 0
007 ta
008 220909b |||||||| |||| 00| 0 eng d
024 _a33671
037 _cTextual
040 _aCSL
_beng
_cCSL
041 _aeng
082 _aY31:348(J).4475, M3
100 _aRudra Ashok
245 0 _aAgrarian relations in west bengal
260 _aBombay
_bSomaiya Publishing
_c1983
300 _ax,104p.
_ccm.
650 _aRural sociology
700 _a Bardhan Pranab
942 _hY31:348(J).4475, M3
_cTEXL
_2CC
999 _c59617
_d59617